| 000 | 00859nab a2200253 u 4500 | ||
|---|---|---|---|
| 001 | 18430 | ||
| 003 | HDC | ||
| 007 | cr bn ---aaaaa | ||
| 008 | 210226c20101226xx dr|noo 0 a eng d | ||
| 040 | _aHDC | ||
| 100 |
_aSapsted, David _eauthor _917306 |
||
| 245 | 0 |
_aNew EU labels for halal and kosher foods spark anger / by _cDavid Sapsted |
|
| 260 |
_a[No place] : _b[publisher not identified], _c2010 |
||
| 336 |
_atext _2rdacontent |
||
| 337 |
_acomputer _2rdamedia |
||
| 338 |
_aonline resource _2rdacarrier |
||
| 650 |
_ahalal and kosher food _917307 |
||
| 650 |
_ameat products _92253 |
||
| 710 | _aHalal Focus | ||
| 856 | _zRequest full-text at [email protected] | ||
| 942 | _2lcc | ||
| 942 | _cNEWS | ||
| 942 | _kNWSO 006046 | ||
| 999 |
_c15746 _d15746 |
||